| 000 | 00524nam a2200181Ia 4500 | ||
|---|---|---|---|
| 008 | 180921t1995 xxu||||| |||| 00| 0 sin d | ||
| 041 | _asin | ||
| 080 |
_a681.3 _bRAJ |
||
| 100 | _aRajapaksha, Ruwan | ||
| 245 | _aකොම්පියුටර් තාක්ෂණය සැමට | ||
| 246 | _aComputer thaakshanaya saemata | ||
| 260 |
_bGodage _aColombo _c1995 |
||
| 300 | _a100p., 22 cm | ||
| 650 |
_aComputer technology _aHardware |
||
| 942 | _cBK | ||
| 999 |
_c16277 _d16277 |
||
| 003 | LK-CoDNM | ||
| 040 |
_aLK-CoDNM _dLK-CoDNM _eLK-CoDNM |
||